header

Integrating differentiated instruction & understanding by design (Record no. 107542)

MARC details
000 -LEADER
fixed length control field 02022nam a2200373Ia 4500
100 1# - MAIN ENTRY--AUTHOR NAME
Personal name Tomlinson, Carol A.
245 10 - TITLE STATEMENT
Title Integrating differentiated instruction & understanding by design
260 ## - PUBLICATION, DISTRIBUTION, ETC. (IMPRINT)
Place of publication Alexandria, Va. :
Name of publisher Association for Supervision and Curriculum Development,
Year of publication c2006.
300 ## - PHYSICAL DESCRIPTION
Number of Pages vii, 199 p. :
Other physical details ill.
505 0# - FORMATTED CONTENTS NOTE
Formatted contents note UbD and DI : an essential partnership -- What really matters in teaching? (the students) -- What really matters in learning? (content) -- What really matters in planning for student success -- Considering evidence of learning in diverse classrooms -- Responsive teaching with UbD in academically diverse classrooms -- Teaching for understanding in academically diverse classrooms -- Grading and reporting achievement -- Bringing it all together : curriculum and instruction through the lens of UbD and DI -- Moving forward to integrate UbD and DI.
650 #0 - SUBJECT ADDED ENTRY--TOPICAL TERM
Topical Term Teaching.
Topical Term Learning.
Topical Term Curriculum planning.
Topical Term Individualized instruction.
Topical Term Mixed ability grouping in education.
Topical Term Education
700 1# - ADDED ENTRY--PERSONAL NAME
Personal name McTighe, Jay.
856 40 - ELECTRONIC LOCATION AND ACCESS
Uniform Resource Identifier http://site.ebrary.com/lib/rucke/Doc?id=10110318

No items available.

© 2026 Rongo University
Contact us: librarian | system librarian | Rongo university